000 00316nam a2200121 i 4500
001 bg
245 0 _aZagrijażenie solonowatych morej sbornik dokladow mezdunarodnogo simpoziuma staran...
260 _aGdynija,
_c1976.
040 _cBPK
041 _apol
942 _cKS
008 s pl f |000 0 pol
999 _c27635
_d27635
856 _uhttp://koha.tu.koszalin.pl/cgi-bin/koha/opac-detail.pl?biblionumber=27635
_yKatalog online BPK